|
|
|
|
| LEADER |
06188nem a22010452a 4500 |
| 001 |
mzk03001036902 |
| 003 |
CZ BrMZK |
| 005 |
20111124143912.0 |
| 007 |
aj|aa||| |
| 008 |
060530s1758 fr i||||||a|||r|0|||gerod |
| 034 |
1 |
|
|a a
|b 1900000
|d E0082200
|e E0190100
|f N0535800
|g N0483657
|
| 040 |
|
|
|a BOA001
|b cze
|
| 041 |
0 |
|
|a ger
|a fre
|
| 043 |
|
|
|a ec-----
|
| 072 |
|
7 |
|a 355/359
|x Vojenství. Obrana země. Ozbrojené síly
|2 Konspekt
|9 15
|
| 072 |
|
7 |
|a 912:904
|x Staré mapy
|2 Konspekt
|9 7
|
| 080 |
|
|
|a (084.3)
|2 MRF
|
| 080 |
|
|
|a (4-191.2)
|2 MRF
|
| 080 |
|
|
|a 355.483
|2 MRF
|
| 080 |
|
|
|a 912.43:069.5
|2 MRF
|
| 100 |
1 |
|
|a Julien, Roch-Joseph,
|c činný ca 1740-1780
|4 aut
|
| 245 |
1 |
0 |
|a Atlas Topographique et Militaire, Qui comprend les Etats de la Couronne de Boheme la Saxe Electorale avec leurs Frontiers
|h [kartografický dokument] :
|b dedié a sa Majesté l'Imperatrice Reine de Hongrie et de Boheme /
|c Par le Sr. Julien; Femme Lattré scripsi
|
| 246 |
3 |
|
|a Nouveau Theatre de Guerre ou Atlas Topographique et Militaire
|
| 250 |
|
|
|a [2. doplněné vydání]
|
| 255 |
|
|
|a Měřítko [ca 1:1 900 000]
|c (008°22´00" v.d.--019°01´00" v.d./053°58´00" s.š.--048°36´57" s.š.)
|
| 260 |
|
|
|a A Paris :
|b chés L'Auteur a L'Hôtel de Soubise,
|c 1758
|
| 300 |
|
|
|a 1 atlas (40 listů z toho 37 mapových) :
|b mědirytina ;
|c kresby různé velikosti na listu 30 x 45 cm
|
| 500 |
|
|
|a Obsahuje plán bitvy
|
| 500 |
|
|
|a Ostatní rytci uvedení na některých mapových listech: Ecrit par N. Bourgoin le Jeune; Gravé par Durand; Laurent sculpsit
|
| 510 |
4 |
|
|a Kuchař, K. Mapová sbírka B.P. Molla,
|c s. 223
|
| 546 |
|
|
|a Názvy obcí německy, ostatní text francouzsky
|
| 590 |
|
|
|a Titulní list nahoře natržen
|
| 655 |
|
7 |
|a historické mapy
|7 fd186723
|2 czenas
|
| 650 |
0 |
7 |
|a bojiště
|7 ph210498
|2 czenas
|
| 650 |
0 |
4 |
|a Mollova mapová sbírka
|
| 650 |
0 |
7 |
|a mapové sbírky
|z Česko
|7 ph182407
|2 czenas
|
| 610 |
2 |
7 |
|a Moravská zemská knihovna (Brno, Česko).
|b Mapová sbírka B.P. Molla
|7 mzk2005304487
|2 czenas
|
| 651 |
|
7 |
|a Evropa střední
|7 ge137882
|2 czenas
|
| 700 |
1 |
|
|a Lattré, Jean,
|d činný 1722-1788
|4 egr
|
| 700 |
1 |
|
|a Bourgoin,
|d 17/18. stol.
|4 egr
|
| 700 |
1 |
|
|a Durand
|4 egr
|
| 700 |
1 |
|
|a Laurent
|4 egr
|
| 700 |
0 |
|
|a Marie Terezie,
|c česká a uherská královna, císařovna, choť Františka Štěpána I., římskoněmeckého císaře,
|d 1717-1780
|7 jn20000701157
|4 dte
|
| 856 |
4 |
1 |
|u http://mapy.mzk.cz/mzk03/001/036/902/2619267337
|y Digitalizovaný dokument
|
| 856 |
4 |
1 |
|u http://mapy.mzk.cz/mzk03/001/036/902/2619267338
|y Digitalizovaný dokument
|
| 856 |
4 |
1 |
|u http://mapy.mzk.cz/mzk03/001/036/902/2619267339
|y Digitalizovaný dokument
|
| 856 |
4 |
1 |
|u http://mapy.mzk.cz/mzk03/001/036/902/2619267340
|y Digitalizovaný dokument
|
| 856 |
4 |
1 |
|u http://mapy.mzk.cz/mzk03/001/036/902/2619267341
|y Digitalizovaný dokument
|
| 856 |
4 |
1 |
|u http://mapy.mzk.cz/mzk03/001/036/902/2619267342
|y Digitalizovaný dokument
|
| 856 |
4 |
1 |
|u http://mapy.mzk.cz/mzk03/001/036/902/2619267343
|y Digitalizovaný dokument
|
| 856 |
4 |
1 |
|u http://mapy.mzk.cz/mzk03/001/036/902/2619267344
|y Digitalizovaný dokument
|
| 856 |
4 |
1 |
|u http://mapy.mzk.cz/mzk03/001/036/902/2619267345
|y Digitalizovaný dokument
|
| 856 |
4 |
1 |
|u http://mapy.mzk.cz/mzk03/001/036/902/2619267346
|y Digitalizovaný dokument
|
| 856 |
4 |
1 |
|u http://mapy.mzk.cz/mzk03/001/036/902/2619267347
|y Digitalizovaný dokument
|
| 856 |
4 |
1 |
|u http://mapy.mzk.cz/mzk03/001/036/902/2619267348
|y Digitalizovaný dokument
|
| 856 |
4 |
1 |
|u http://mapy.mzk.cz/mzk03/001/036/902/2619267349
|y Digitalizovaný dokument
|
| 856 |
4 |
1 |
|u http://mapy.mzk.cz/mzk03/001/036/902/2619267350
|y Digitalizovaný dokument
|
| 856 |
4 |
1 |
|u http://mapy.mzk.cz/mzk03/001/036/902/2619267351
|y Digitalizovaný dokument
|
| 856 |
4 |
1 |
|u http://mapy.mzk.cz/mzk03/001/036/902/2619267352
|y Digitalizovaný dokument
|
| 856 |
4 |
1 |
|u http://mapy.mzk.cz/mzk03/001/036/902/2619267353
|y Digitalizovaný dokument
|
| 856 |
4 |
1 |
|u http://mapy.mzk.cz/mzk03/001/036/902/2619267354
|y Digitalizovaný dokument
|
| 856 |
4 |
1 |
|u http://mapy.mzk.cz/mzk03/001/036/902/2619267355
|y Digitalizovaný dokument
|
| 856 |
4 |
1 |
|u http://mapy.mzk.cz/mzk03/001/036/902/2619267356
|y Digitalizovaný dokument
|
| 856 |
4 |
1 |
|u http://mapy.mzk.cz/mzk03/001/036/902/2619267357
|y Digitalizovaný dokument
|
| 856 |
4 |
1 |
|u http://mapy.mzk.cz/mzk03/001/036/902/2619267358
|y Digitalizovaný dokument
|
| 856 |
4 |
1 |
|u http://mapy.mzk.cz/mzk03/001/036/902/2619267359
|y Digitalizovaný dokument
|
| 856 |
4 |
1 |
|u http://mapy.mzk.cz/mzk03/001/036/902/2619267360
|y Digitalizovaný dokument
|
| 856 |
4 |
1 |
|u http://mapy.mzk.cz/mzk03/001/036/902/2619267361
|y Digitalizovaný dokument
|
| 856 |
4 |
1 |
|u http://mapy.mzk.cz/mzk03/001/036/902/2619267362
|y Digitalizovaný dokument
|
| 856 |
4 |
1 |
|u http://mapy.mzk.cz/mzk03/001/036/902/2619267363
|y Digitalizovaný dokument
|
| 856 |
4 |
1 |
|u http://mapy.mzk.cz/mzk03/001/036/902/2619267364
|y Digitalizovaný dokument
|
| 856 |
4 |
1 |
|u http://mapy.mzk.cz/mzk03/001/036/902/2619267365
|y Digitalizovaný dokument
|
| 856 |
4 |
1 |
|u http://mapy.mzk.cz/mzk03/001/036/902/2619267366
|y Digitalizovaný dokument
|
| 856 |
4 |
1 |
|u http://mapy.mzk.cz/mzk03/001/036/902/2619267367
|y Digitalizovaný dokument
|
| 856 |
4 |
1 |
|u http://mapy.mzk.cz/mzk03/001/036/902/2619267368
|y Digitalizovaný dokument
|
| 856 |
4 |
1 |
|u http://mapy.mzk.cz/mzk03/001/036/902/2619267369
|y Digitalizovaný dokument
|
| 856 |
4 |
1 |
|u http://mapy.mzk.cz/mzk03/001/036/902/2619267370
|y Digitalizovaný dokument
|
| 856 |
4 |
1 |
|u http://mapy.mzk.cz/mzk03/001/036/902/2619267371
|y Digitalizovaný dokument
|
| 856 |
4 |
1 |
|u http://mapy.mzk.cz/mzk03/001/036/902/2619267372
|y Digitalizovaný dokument
|
| 856 |
4 |
1 |
|u http://mapy.mzk.cz/mzk03/001/036/902/2619267373
|y Digitalizovaný dokument
|
| 856 |
4 |
1 |
|u http://mapy.mzk.cz/mzk03/001/036/902/2619267374
|y Digitalizovaný dokument
|
| 856 |
4 |
1 |
|u http://mapy.mzk.cz/mzk03/001/036/902/2619267375
|y Digitalizovaný dokument
|
| 856 |
4 |
1 |
|u http://mapy.mzk.cz/mzk03/001/036/902/2619267376
|y Digitalizovaný dokument
|
| 903 |
|
|
|a RP
|
| 910 |
|
|
|a BOA001
|b Moll-0001.560
|
| 978 |
|
|
|b Julien, Roch Joseph
|a Paris
|c 1758
|
| 984 |
|
|
|a Paříž
|b Francie
|
| 985 |
|
|
|a 1751-1800
|
| 990 |
|
|
|a MP
|
| 991 |
|
|
|k mzk
|